=LDR 00000nam 2200000 4500 =001 INLIS000000000001523 =005 20130612085924 =008 ***********************************Ind** =035 ##$$0010-061300000001523 =041 ##$$a Ind =082 ##$$a 351.85 =090 ##$$a 351.85, Pil-s =100 ##$$a PILIANG, Yasraf Amir =245 ##$$a Sebuah dunia yang dilipat, Yasraf Amir Piliang =260 ##$$a 1998 $b Bandung =300 ##$$a 378 hlm, 21 cm =650 ##$$a Kebudayaan =850 ##$$a NBPNMAT =990 ##$$a 0001/BPAP-NTB/2016 =990 ##$$a 0001/BPAP-NTB/2016